000 00598nam a22001577a 4500
003 OSt
005 20240418164210.0
008 240418b |||||||| |||| 00| 0 eng d
040 _cMRSPTU
100 _aJaspal, Partap Singh (ਜਸਪਾਲ, ਪ੍ਰਤਾਪ ਸਿੰਘ)
245 _aSamast ILahi Jot Baba Nand Singh Ji Maharaj of Kaeran (ਸਮੱਸਤ ਇਲਾਹੀ ਜੋਤ ਬਾਬਾ ਨੰਦ ਸਿੰਘ ਜੀ ਮਹਾਰਾਜ (ਕਲੇਰਾ ਵਾਲੇ))
250 _a1st
260 _aNew Delhi
_bReliance Publishing House
_c2005
300 _a196
942 _2ddc
_cBK
_n0
999 _c10102
_d10102